LDR 00820naa#a2200169#i#450# 001 RU\\bibl\121772 005 20260517033840.7 011 ## _a2658-638X 100 ## _a20251215b2025####ek#y0rusy0150####ca 102 ## _aRU 200 1# _aОСОБЕННОСТИ ПРОЯВЛЕНИЯ ПСИХОЛОГИЧЕСКОЙ БЕЗОПАСНОСТИ СУБЪЕКТОВ В РАЗЛИЧНЫХ УСЛОВИЯХ СЛУЖЕБНОЙ ДЕЯТЕЛЬНОСТИ _eЖурнальная статья 210 1# _aМосква _cМосковский университет МВД России имени В.Я. Кикотя _d2025 215 ## _a7 с. 608 ## _aЖурнальная статья _2local 675 ## _aФилософия. Психология. 1 _z 700 #1 _aКрасноштанова _gНаталья Николаевна 856 4# _amosumvd.editorum.ru _u